000
00394nam a2200133Ia 4500
008
151001s9999||||xx |||||||||||||| ||und||
100
_a
अशोक पाटील
245
_a
आमचे राज्य आमची सत्ता
250
_a
2
260
_b
"निखील प्रकाशन, कोल्हापूर"
260
_c
2011
300
_a
200
365
_b
21
999
_c
999811
_d
999808